Szczegóły MARC21

Prognozowanie gospodarcze i symulacje w przykładach i zadaniach

005 -DATA I CZAS OSTATNIEJ MODYFIKACJI [,]
    • @
    • pole kontrolne
    • 20061123104439.0
020 -Międzynarod. znormalizowany nr książki - ISBN [ , ]
    • a
    • Numer ISBN
    • 9788374171830 Find
040 -Instytucja sporządzająca opis [ , ]
    • a
    • Instytucja, która sporządziła opis (NP)
    • SZCZ U/ET
    • c
    • Instytucja, która sporządziła rekord (NP)
    • SZCZ U/ET
    • d
    • Instytucja, która zmodyfikowała rekord (P)
    • SZCZ U /RJ
041 -Język dokumentu [0, ]
    • a
    • Język tekstu (P)
    • polski
044 -Kraj miejsca wydania [ , ]
    • a
    • Kraj miejsca wydania
    • Polska
942 -Rodzaj dokumentu [ , ]
    • c
    • Rodzaj dokumentu
    • Książka
100 -Hasło główne - nazwa osobowa [1, ]
    • a
    • Nazwa osobowa (NP)
    • WITKOWSKI, MAREK
    • c
    • Dopowiedzenie inne niż daty biograficzne (P)
    • ekonomista
245 -Strefa tytułu i oznaczenia odpowiedzialności [1,0]
    • a
    • Tytuł
    • Prognozowanie gospodarcze i symulacje w przykładach i zadaniach Find
    • c
    • Pozostałe elementy strefy tytułu i oznaczenia odpowiedzialności (NP)
    • Marek Witkowski, Tomasz Klimanek
260 -Strefa adresu wydawniczego [ , ]
    • a
    • Miejsce wydania (P)
    • Poznań
    • b
    • Nazwa wydawcy (P)
    • Wydaw. AE
    • c
    • Data wydania (P)
    • 2006
300 -Strefa opisu fizycznego [ , ]
    • a
    • Określenie formy książki i/lub objętość (NP)
    • 184 s.
    • b
    • Oznaczenie ilustracji (NP)
    • il.
    • c
    • Format (NP)
    • 24 cm.
490 -Strefa serii i książki wielotomowej - forma nie do wyszukiwania [1, ]
    • a
    • Tytuł (P)
    • Materiały Dydaktyczne / Akademia Ekonomiczna w Poznaniu Find
    • x
    • ISSN (NP)
    • 1427-1117
    • v
    • Numeracja (P)
    • 186
830 -Hasło dodatkowe serii i opisu książki wielotomowej - tytuł ujednolicony/tytuł [0, ]
    • a
    • Tytuł ujednolicony/tytuł (NP)
    • Materialy Dydaktyczne - Akademia Ekonomiczna w Poznaniu
    • x
    • ISSN
    • 1427-1117
    • v
    • Oznaczenie tomu (NP)
    • 186
500 -Uwaga ogólna [ , ]
    • a
    • Uwaga ogólna (NP)
    • Bibliogr.
080 -Uniwersalna Klasyfikacja Dziesiętna [ , ]
    • 2
    • Identyfikator wydania tablic
    • UDC-P022
    • a
    • Symbol klasyfikacji
    • 338.27
    • b
    • Dopowiedzenie
    • Prognozowanie gospodarcze.
080 -Uniwersalna Klasyfikacja Dziesiętna [ , ]
    • 2
    • Identyfikator wydania tablic
    • UDC-P022
    • a
    • Symbol klasyfikacji
    • 519.876.5
    • b
    • Dopowiedzenie
    • Symulacja. Numeryczne imitowanie systemów.
980 -Symbol UKD [ , ]
    • a
    • UKD
    • 338.27:519.876.5
700 -Hasło dodatkowe - nazwa osobowa [1, ]
    • a
    • Nazwa osobowa (NP)
    • Klimanek, Tomasz. Find
920 -ISBN [ , ]
    • a
    • ISBN
    • 978-83-7417-183-0 Find
Data inwentaryzacji Lokalizacja Status udost. Numer inwentarzowy Sygnatura
2006-11-09T-2T.9235T.9235